Statistics for Largest Cities in Ontario - With hints

Click here to take the quiz!

General Stats

  • This quiz has been taken 123 times
    (112 since last reset)
  • The average score is 7 of 10

Answer Stats

RankHintAnswer% Correct
1Biggest city in the countryToronto
100%
2Canada's CapitalOttawa
99%
6Shares it's name with a large british cityLondon
82%
3West of #1, lots of S'sMississauga
82%
5Canadian Steel town, Skyway bridgeHamilton
76%
10Across the border from DetroitWindsor
75%
4Peel Region, Suburb of #1Brampton
63%
8North of #1, site of Canada's WonderlandVaughan
63%
9Old name was Berlin, Holds the largest Oktoberfest outside of GermanyKitchener
54%
7Named for an archbishop of york in the 1700sMarkham
28%

Score Distribution

Percentile by Number Answered

Percent of People with Each Score

Your Score History

You have not taken this quiz since the last reset